Mr. Sunny is funny! / (Record no. 262761)
[ view plain ]
| 000 -LEADER | |
|---|---|
| fixed length control field | 00584nam a22002057a 4500 |
| 003 - CONTROL NUMBER IDENTIFIER | |
| control field | OSt |
| 005 - DATE AND TIME OF LATEST TRANSACTION | |
| control field | 20240206170354.0 |
| 008 - FIXED-LENGTH DATA ELEMENTS--GENERAL INFORMATION | |
| fixed length control field | 240206b xxu||||| |||| 00| 0 eng d |
| 010 ## - LIBRARY OF CONGRESS CONTROL NUMBER | |
| LC control number | 2008014683 |
| 020 ## - INTERNATIONAL STANDARD BOOK NUMBER | |
| International Standard Book Number | 9780061346095 (pbk.) |
| International Standard Book Number | a 9780061346101 (lib. bdg.) |
| 040 ## - CATALOGING SOURCE | |
| Original cataloging agency | RU |
| Transcribing agency | RU |
| 050 ## - LIBRARY OF CONGRESS CALL NUMBER | |
| Classification number | PZ7.G9846 |
| Item number | Mro 2008 |
| 100 ## - MAIN ENTRY--PERSONAL NAME | |
| Personal name | Gutman, Dan. |
| 245 ## - TITLE STATEMENT | |
| Title | Mr. Sunny is funny! / |
| Statement of responsibility, etc | Dan Gutman ; pictures by Jim Paillot. |
| 250 ## - EDITION STATEMENT | |
| Edition statement | 1st ed. |
| 260 ## - PUBLICATION, DISTRIBUTION, ETC. (IMPRINT) | |
| Place of publication, distribution, etc | New York : |
| Name of publisher, distributor, etc | HarperTrophy, |
| Date of publication, distribution, etc | c2008. |
| 300 ## - PHYSICAL DESCRIPTION | |
| Extent | 105 p. |
| Other physical details | |b ill. ; |
| Dimensions | 20 cm. |
| 942 ## - ADDED ENTRY ELEMENTS (KOHA) | |
| Source of classification or shelving scheme | Library of Congress Classification |
| Koha item type | Long Loan Books |
| Withdrawn status | Lost status | Source of classification or shelving scheme | Damaged status | Not for loan | Collection code | Home library | Current library | Shelving location | Date acquired | Total Checkouts | Full call number | Barcode | Date last seen | Date checked out | Price effective from | Koha item type | Copy number |
|---|---|---|---|---|---|---|---|---|---|---|---|---|---|---|---|---|---|
| Library of Congress Classification | Fiction | Rongo University Library | Rongo University Library | Children's Area | 06/02/2024 | 1 | PZ7.G9846 Mro 2008 | CL20233198 | 03/06/2025 | 22/04/2025 | 06/02/2024 | Long Loan Books | |||||
| Library of Congress Classification | Fiction | Rongo University Library | Rongo University Library | Children's Area | 25/07/2024 | PZ7.G9846 Mro 2008 | CL20243560 | 25/07/2024 | 25/07/2024 | Long Loan Books | 20243560 |
